[Event "I Memorial Oliver Gonzalez"]
[Site "Madrid ESP"]
[Date "2010.10.11"]
[Round "3"]
[White "Garcia Cuenca,V"]
[Black "Vidaurre,L"]
[Result "1-0"]
[WhiteElo "2313"]
[BlackElo "1860"]

1.d4 d5 2.c4 e6 3.Nc3 Nf6 4.Nf3 Be7 5.Bf4 Na6 6.c5 c6 7.e3 Nc7 8.Bd3 O-O
9.O-O Nfe8 10.b4 g5 11.Bg3 Ng7 12.h3 b6 13.Ne5 Bb7 14.Qc2 f5 15.a4 Rc8 16.b5 bxc5
17.dxc5 cxb5 18.c6 Ba8 19.axb5 f4 20.Bxh7+ Kh8 21.Ng6+ Kxh7 22.Nxe7+ Nf5
23.Nxc8 fxg3 24.Rxa7 Qxc8 25.b6 Kg8 26.Rxc7 gxf2+ 27.Rxf2 Qb8 28.Nxd5 exd5
29.Rxf5  1-0

[Event "I Memorial Oliver Gonzalez"]
[Site "Madrid ESP"]
[Date "2010.10.17"]
[Round "9"]
[White "Candela Perez,J"]
[Black "Gemy,J"]
[Result "1-0"]
[WhiteElo "2390"]
[BlackElo "2325"]

1.d4 d5 2.c4 e6 3.Nc3 Nf6 4.Nf3 Be7 5.Bf4 c6 6.e3 Nbd7 7.h3 b6 8.cxd5 exd5
9.Bd3 Bb7 10.Qc2 Nf8 11.O-O-O Ne6 12.Be5 Bd6 13.e4 dxe4 14.Bxe4 Qc7 15.Bxh7 O-O-O
16.Bd3 Kb8 17.Kb1  1-0

[Event "Trophee CCAS GpA"]
[Site "Cap d'Agde FRA"]
[Date "2010.10.24"]
[Round "3"]
[White "Edouard,R"]
[Black "Karpov,Ana"]
[Result "1-0"]
[WhiteElo "2636"]
[BlackElo "2619"]

1.Nf3 Nf6 2.c4 e6 3.Nc3 d5 4.d4 Be7 5.Bf4 O-O 6.e3 Nbd7 7.c5 c6 8.Bd3 b6
9.b4 a5 10.a3 Bb7 11.O-O Qc8 12.Na4 b5 13.Nc3 Nh5 14.Bg5 Bd8 15.Bxd8 Qxd8
16.Ne5 g6 17.Be2 Ng7 18.e4 Nxe5 19.dxe5 d4 20.Na2 g5 21.Qd2 f6 22.f4 gxf4
23.Rxf4 axb4 24.Nxb4 fxe5 25.Rg4 Qf6 26.Nd3 Bc8 27.Rf1 Qe7 28.Qh6 Rxf1+ 29.Bxf1 Rxa3
30.Nxe5 Ra1 31.Nxc6 Ra8 32.e5 Qd8 33.Be2 Bb7 34.Qd2 h6 35.Rg5 Qe7 36.Rg4 b4
37.Qxb4 Ba6  1-0

[Event "Uxbridge Premier"]
[Site "Denham ENG"]
[Date "2010.10.25"]
[Round "2"]
[White "Obiamiwe,P"]
[Black "Wadsworth,Matthew J"]
[Result "0-1"]
[WhiteElo "2023"]
[BlackElo "1868"]

1.Nf3 d5 2.d4 Nf6 3.c4 e6 4.Nc3 Be7 5.Bf4 O-O 6.e3 b6 7.Be2 Bb7 8.Rc1 c5
9.cxd5 Nxd5 10.Bg3 cxd4 11.exd4 Nc6 12.O-O Rc8 13.Re1 Bf6 14.Ne4 Be7 15.Qa4 Nf6
16.Nc3 Bb4 17.Red1 Bxc3 18.bxc3 Ne4 19.Bf4 Na5 20.c4 Ba6 21.Bf1 Re8 22.Qc2 Nf6
23.Ne5 Nd5 24.Bd2 f6 25.Bxa5 fxe5 26.Be1 exd4 27.Rxd4 Qf6 28.Qe4 Bb7 29.Qd3 Nf4
30.Qe3 e5 31.Rd7 Re7 32.Rcd1 Rxd7 33.Rxd7 Qc6 34.Rxg7+ Kxg7 35.Qxe5+ Qf6
36.Bc3 Nh3+ 37.gxh3 Qxe5 38.Bxe5+ Kf7 39.f4 Ba6 40.Bd3 h6 41.Be4 Bxc4 42.a3 Ke7
43.Kf2 Be6 44.h4 Rf8 45.Ke3 Bf5 46.Bf3 Rd8 47.Be2 Rc8 48.Bg7 Kf7 49.Be5 Rc1
50.Bh5+ Ke6 51.Bg7 Rh1 52.Bxh6 Rxh2 53.Bg5 Rh3+ 54.Kd4 Rxa3 55.Be2 Rh3 56.Bc4+ Kd6
57.Be2 a5 58.Bd8 Rb3 59.h5 a4 60.Bc4 Rb1 61.Bf6 Rh1 62.Bf7 Be6 63.Be5+ Ke7
64.Bg6 Bf7 65.f5 a3 66.f6+ Ke8 67.Be4 Rxh5 68.Bc6+ Kf8 69.Bf3 Rxe5 70.Kxe5 a2  0-1

[Event "Chigorin Mem Classic Open"]
[Site "St Petersburg RUS"]
[Date "2010.10.28"]
[Round "1"]
[White "Khairullin,I"]
[Black "Mokshanov,A"]
[Result "1/2-1/2"]
[WhiteElo "2620"]
[BlackElo "2271"]

1.d4 d5 2.c4 e6 3.Nf3 Nf6 4.Nc3 Be7 5.Bf4 O-O 6.e3 a6 7.cxd5 Nxd5 8.Nxd5 exd5
9.Bd3 c6 10.O-O Qb6 11.Qc2 h6 12.Rab1 a5 13.a3 Be6 14.Qd2 Nd7 15.Bc2 Qa6
16.Rbc1 Bg4 17.h3 Bh5 18.Bf5 Nb6 19.Ne5 Bf6 20.Bd3 Qa7 21.Qc2 Bxe5 22.Bxe5 Rad8
23.Qc5 Ra8 24.Qc2 Rad8 25.a4 f6 26.Bc7 Rd7 27.Bh2 Rfd8 28.Bf5 Re7 29.Qc5 Nc8
30.Qa3 Kf7 31.Rc5 Nb6 32.Ra1 Bg6 33.Bxg6+ Kxg6 34.Rxa5 Qxa5 35.Qxe7 Rd7 36.Qa3 Qd2
37.b3 Kf7 38.Bd6 Nc8 39.Bb4 Qd3 40.Qb2 Nb6 41.Qc3 Qxc3 42.Bxc3 Ke6 43.Kf1 Rf7
44.Ke2 Rf8 45.g4 h5 46.Ba5 Nc8 47.Bc7 Rh8 48.Bg3 Ne7 49.f3 Rd8 50.Rd1 Rh8
51.e4 dxe4 52.fxe4 g6 53.Kf3 hxg4+ 54.hxg4 Rd8 55.Bf2 Rh8 56.Re1 Rh3+ 57.Bg3 Rh8
58.g5 fxg5 59.Kg4 Rf8 60.Re3 Rf1 61.Rd3 Ng8 62.Kxg5 Nf6 63.Re3 Rd1 64.Be5 Rg1+
65.Kf4 g5+ 66.Kf3 Ng4 67.Rd3  1/2-1/2

[Event "Trophee CCAS KO"]
[Site "Cap d'Agde FRA"]
[Date "2010.10.30"]
[Round "2.4"]
[White "Le Quang Liem"]
[Black "Nakamura,Hi"]
[Result "0-1"]
[WhiteElo "2694"]
[BlackElo "2733"]

1.d4 Nf6 2.c4 e6 3.Nf3 d5 4.Nc3 Be7 5.Bf4 O-O 6.e3 Nbd7 7.c5 Nh5 8.Bd3 Nxf4
9.exf4 b6 10.b4 a5 11.a3 c6 12.O-O Qc7 13.Ne5 Ba6 14.Bxa6 Nxe5 15.fxe5 Rxa6
16.Qd3 Raa8 17.g3 Rfb8 18.Na4 axb4 19.cxb6 Qd8 20.axb4 Bxb4 21.Rfb1 Be7 22.Qc2 Qc8
23.Rc1 Bd8 24.Rab1 Ra5 25.Rb4 Be7 26.Rbb1 Bd8 27.Kg2 h5 28.h4 g6 29.Rb4 Be7
30.Nc5 Rb5 31.Rxb5 cxb5 32.Qb1 Rxb6 33.Nd3 Rc6 34.Nc5 Qb8 35.Qb4 Qb6 36.Rc3 Rc7
37.Kh3 Bxc5 38.dxc5 Qc6 39.Qd4 Ra7 40.Rf3 Ra4 41.Qe3 Rg4 42.Qa3 Ra4 43.Qe3 Rg4
44.Kh2 d4 45.Qa3 b4 46.Qd3 Qxc5 47.Qa6 Qe7 48.Qb6 Re4 49.Qb8+ Kg7 50.Rd3 Qc5
51.Rf3 Rxe5 52.Qd8 Rf5 53.Rxf5 exf5  0-1

[Event "11th Liberec Open"]
[Site "Liberec CZE"]
[Date "2010.10.30"]
[Round "9"]
[White "Silauskas,Kestutis"]
[Black "Janocko,P"]
[Result "0-1"]
[WhiteElo "1604"]
[BlackElo "2087"]

1.d4 Nf6 2.c4 e6 3.Nf3 d5 4.Nc3 Be7 5.Bf4 c6 6.e3 O-O 7.h3 Nbd7 8.c5 b6 9.b4 a5
10.a3 Ne4 11.Qc2 Ndf6 12.Ne5 Bb7 13.f3 axb4 14.Nxe4 dxe4 15.Qc1 bxc5 16.dxc5 Qa5
17.Kf2 Bxc5 18.Nc4 Qa7 19.Be2 bxa3 20.Qb1 a2 21.Qc2 Qa4 22.Qb2 Ba6 23.Nd2 Bxe2
24.Kxe2 Qb5+ 25.Kf2 Nd5 26.Qe5 Qd3 27.Nxe4 Bxe3+ 28.Bxe3 Qxe3+ 29.Kg3 Qb6
30.f4 Qe3+  0-1

[Event "14th OIBM"]
[Site "Bad Wiessee GER"]
[Date "2010.10.31"]
[Round "2.6"]
[White "Drozdovskij,Y"]
[Black "Klek,H"]
[Result "1-0"]
[WhiteElo "2608"]
[BlackElo "2169"]

1.d4 d5 2.c4 e6 3.Nf3 Be7 4.Nc3 Nf6 5.Bf4 O-O 6.e3 b6 7.Bd3 dxc4 8.Bxc4 Bb7
9.O-O a6 10.Qe2 b5 11.Bb3 c5 12.Rfd1 Nbd7 13.d5 exd5 14.Nxd5 Nxd5 15.Bxd5 Qc8
16.e4 Re8 17.Bxf7+ Kxf7 18.Rxd7 Kg8 19.Rc7 Qg4 20.Qe3 Bc8 21.h3 Qh5 22.Rd1 Be6
23.Rd2 c4 24.Nd4 Bd8 25.Nxe6 Rxe6 26.Ra7 Rc8 27.Rdd7 Rg6 28.Qd4 Bf6 29.e5 Bh4
30.g4  1-0

[Event "Chigorin Mem Classic Open"]
[Site "St Petersburg RUS"]
[Date "2010.11.01"]
[Round "5"]
[White "Malakhatko,V"]
[Black "Ulanov,A"]
[Result "1-0"]
[WhiteElo "2578"]
[BlackElo "2353"]

1.d4 d5 2.c4 e6 3.Nf3 Nf6 4.Nc3 Be7 5.Bf4 O-O 6.a3 b6 7.cxd5 exd5 8.g3 c5
9.Bg2 Nc6 10.O-O Be6 11.dxc5 bxc5 12.Ng5 Qb6 13.Nxe6 fxe6 14.e4 d4 15.e5 dxc3
16.exf6 Bxf6 17.bxc3 Bxc3 18.Rb1 Qa6 19.Qd6 Rac8 20.Be3 Kh8 21.Bxc5 Rfd8
22.Qxe6 Qa5 23.Be3 Nd4 24.Qa2 Qh5 25.Rb7 Rf8 26.Kh1 a5 27.Qd5 Qxd5 28.Bxd5 Nc2
29.Bg5 Bd4 30.Be7 Rfe8 31.Bf7 Rb8 32.Rd7 Rec8 33.Be6 Bb2 34.a4 Nd4 35.Bh3 Rc4
36.Bd6 Rg8 37.Rb1 Bc3 38.Rbb7 h6 39.Rbc7 Rxc7 40.Rxc7 Bb4 41.Bxb4 axb4 42.Rc4  1-0

[Event "20th World Seniors"]
[Site "Arco ITA"]
[Date "2010.11.03"]
[Round "8"]
[White "Suba,M"]
[Black "Danner,G"]
[Result "1-0"]
[WhiteElo "2464"]
[BlackElo "2422"]

1.c4 e6 2.Nf3 Nf6 3.Nc3 d5 4.d4 Be7 5.Bf4 O-O 6.e3 b6 7.cxd5 Nxd5 8.Nxd5 Qxd5
9.a3 Ba6 10.Bxa6 Qa5+ 11.Ke2 Qxa6+ 12.Qd3 Qb7 13.b4 Nd7 14.Rhc1 Rac8 15.Rab1 Rfd8
16.Qc4 Bd6 17.Bg5 Re8 18.Qc6 Qxc6 19.Rxc6 e5 20.Rbc1 f6 21.Bh4 Ra8 22.dxe5 Nxe5
23.Nxe5 fxe5 24.a4 a6 25.f3 b5 26.Be1 bxa4 27.Ra1 a5 28.bxa5 a3 29.Bc3 Reb8
30.Kd3 Kf7 31.Rc4 Ke6 32.e4 Ra6 33.Kc2 Rb5 34.Rb1 c6 35.Rd1 Bc5 36.Ra1 h5
37.h4 g6 38.Ra4 Bd6 39.g4 hxg4 40.fxg4 Rb7 41.Rf1 Rh7 42.Be1 Be7 43.g5 Rh8
44.Rf3 Rb8 45.Rb3 Rb5 46.Bc3 Bc5 47.Rb1 Rxb1 48.Kxb1 Kd6 49.Ka2 Ra8 50.a6 Ba7
51.Rxa3 Rf8 52.Rb3 Ra8 53.Rb7 Bd4 54.Bb4+ Bc5 55.Bxc5+ Kxc5 56.a7 Kd4 57.Kb2 Kxe4
58.h5 gxh5 59.g6 h4 60.g7 h3 61.Rb8 h2 62.g8=Q h1=Q 63.Qc4+ Kf5 64.Rxa8 Qh7
65.Rf8+  1-0

[Event "TCh-CHN"]
[Site "Beijing CHN"]
[Date "2010.11.03"]
[Round "17"]
[White "Wu Shaobin"]
[Black "Liang Chong"]
[Result "1/2-1/2"]
[WhiteElo "2453"]
[BlackElo "2502"]

1.d4 d5 2.c4 e6 3.Nc3 Be7 4.Nf3 Nf6 5.Bf4 O-O 6.e3 Nbd7 7.Bd3 dxc4 8.Bxc4 a6
9.O-O b5 10.Be2 Bb7 11.Ne5 Nxe5 12.Bxe5 c5 13.dxc5 Bxc5 14.Qxd8 Rfxd8 15.Rfd1 Be7
16.a3 Rxd1+ 17.Rxd1 Rd8 18.Rxd8+ Bxd8 19.Bd6 Ne4 20.Nxe4 Bxe4 21.f3 Bc2 22.Be5 Bb6
23.Kf2 f6 24.Bd4 Bc7 25.e4 Kf7 26.g3 e5 27.Bc5 Bb3 28.Ke3 g5 29.g4 Ke6 30.Bd3 Ba5  1/2-1/2

[Event "TCh-CHN"]
[Site "Beijing CHN"]
[Date "2010.11.03"]
[Round "17"]
[White "Ju Wenjun"]
[Black "Ning Chunhong"]
[Result "1-0"]
[WhiteElo "2500"]
[BlackElo "2347"]

1.d4 Nf6 2.c4 e6 3.Nc3 d5 4.Nf3 Be7 5.Bf4 O-O 6.e3 b6 7.Bd3 Bb7 8.O-O Nbd7
9.cxd5 exd5 10.Qe2 c5 11.Rad1 Nh5 12.Be5 Nxe5 13.dxe5 d4 14.Be4 Bxe4 15.Nxe4 Qc7
16.exd4 cxd4 17.Rxd4 Rad8 18.Nd6 Qc5 19.Nb7  1-0

[Event "20th World Seniors"]
[Site "Arco ITA"]
[Date "2010.11.04"]
[Round "9"]
[White "Pitkanen,Ju"]
[Black "Battaglia,Emanuele"]
[Result "1/2-1/2"]
[WhiteElo "1731"]
[BlackElo "1645"]

1.d4 d5 2.c4 e6 3.Nc3 Nf6 4.Nf3 Be7 5.Bf4 c6 6.e3 Nbd7 7.c5 O-O 8.b4 Nh5
9.Bd3 Nxf4 10.exf4 Nf6 11.O-O Qc7 12.g3 b6  1/2-1/2

[Event "49th TCh-DEN XtraCon 2010-11"]
[Site "Denmark DEN"]
[Date "2010.11.06"]
[Round "1.5"]
[White "Pedersen,Stef"]
[Black "Carstensen,J"]
[Result "1-0"]
[WhiteElo "2417"]
[BlackElo "2332"]

1.Nf3 Nf6 2.c4 e6 3.d4 d5 4.Nc3 Be7 5.Bf4 O-O 6.Qc2 c6 7.e3 Nbd7 8.a3 a5
9.cxd5 exd5 10.Bd3 h6 11.h3 b5 12.O-O Bb7 13.Rac1 Rc8 14.Bf5 Qb6 15.Ne5 Rcd8
16.Rfd1 Nxe5 17.dxe5 Ne8 18.Qe2 g5 19.Bh2 Ng7 20.Bb1 Bc8 21.g4 f5 22.exf6 Bxf6
23.Qc2 Kf7 24.e4 Bxc3 25.Qxc3 Kg8 26.Bg3 dxe4 27.Rxd8 Qxd8 28.Bxe4 Qf6 29.Qxf6 Rxf6
30.Bxc6 b4 31.axb4 axb4 32.Be5 Rf8 33.Bd5+  1-0

[Event "TCh-CZE 2010-11"]
[Site "Frydek Mistek CZE"]
[Date "2010.11.06"]
[Round "1.1"]
[White "Vitiugov,N"]
[Black "Babula,V"]
[Result "1/2-1/2"]
[WhiteElo "2709"]
[BlackElo "2536"]

1.d4 Nf6 2.c4 e6 3.Nf3 d5 4.Nc3 Be7 5.Bf4 O-O 6.e3 b6 7.cxd5 Nxd5 8.Nxd5 exd5
9.Bd3 c5 10.O-O c4 11.Bc2 Nc6 12.Ne5 Nxe5 13.Bxe5 f6 14.Bf4 f5 15.Be5 Be6
16.f4 Qd7 17.h3 Bf6 18.Kh2 Rad8 19.Qe1 a5 20.a3 Ra8 21.Rd1 b5 22.Rg1 g6 23.Rd2 b4
24.g4 Rac8 25.axb4 axb4 26.Rdg2 c3 27.Qb1 Bxe5 28.dxe5 cxb2 29.gxf5 Bxf5
30.Bxf5 Qxf5 31.Rxb2 Rc3 32.Qxf5 Rxf5 33.Rxb4 Rxe3 34.Rd1 Rh5 35.Kg2 Rhxh3
36.Rxd5  1/2-1/2

[Event "TCh-SUI 2010"]
[Site "Switzerland SUI"]
[Date "2010.11.06"]
[Round "8.3"]
[White "Moor,O"]
[Black "Schiendorfer,E"]
[Result "0-1"]
[WhiteElo "2435"]
[BlackElo "2343"]

1.d4 Nf6 2.c4 e6 3.Nf3 d5 4.Nc3 Be7 5.Bf4 O-O 6.e3 b6 7.cxd5 Nxd5 8.Nxd5 exd5
9.Bd3 c5 10.Ne5 Bf6 11.Rc1 Bxe5 12.Bxe5 Nc6 13.Bf4 c4 14.Bb1 Ne7 15.g4 Ng6
16.Bg3 f5 17.gxf5 Bxf5 18.h4 Qe7 19.Rc3 Bxb1 20.Qxb1 Nf4 21.Kf1 Nd3 22.Rxd3 Qe4
23.Ke2 cxd3+ 24.Kd2 Rac8 25.Rc1 Rc2+ 26.Rxc2 dxc2 27.Qxc2 Qxc2+ 28.Kxc2 Kf7
29.Kd3 Ke6 30.a4 Rf5 31.b3 g5 32.hxg5 Rxg5 33.Bb8 Rg7 34.Ke2 h5 35.Bg3 Rg4
36.Kf3 Kf5 37.b4 h4 38.Bb8 Rg8 39.Bd6 Rg1 40.Bb8 h3 41.a5 b5 42.a6 Rg6  0-1

[Event "Frauenbundesliga 1st Div 2010-11"]
[Site "Germany GER"]
[Date "2010.11.07"]
[Round "2.4"]
[White "Ulms,S"]
[Black "Sharevich,A"]
[Result "0-1"]
[WhiteElo "2174"]
[BlackElo "2332"]

1.d4 d5 2.Nf3 Nf6 3.c4 e6 4.Nc3 Be7 5.Bf4 c6 6.e3 O-O 7.c5 Nbd7 8.Bd3 b6
9.b4 bxc5 10.bxc5 Qa5 11.Qd2 Nh5 12.O-O Qd8 13.Rab1 g5 14.Bd6 f6 15.Qc2 Rf7
16.g4 Bxd6 17.cxd6 Ng7 18.Bxh7+ Kh8 19.Bg6 Rf8 20.Kg2 f5 21.h4 fxg4 22.Nxg5 Qf6
23.f3 Ba6 24.Rf2 g3 25.Kxg3 Nf5+ 26.Bxf5 exf5 27.f4 Qxd6 28.Qa4 Bd3 29.Rb7 Nf6
30.Qb4 Qxb4 31.Rxb4 Rae8 32.Nd1 Re7 33.Rfb2 Bb5 34.Kf3 a5 35.R4b3 Rfe8 36.Ra3 a4
37.Nf2 Nd7 38.Rb1 Nb6 39.Re1 Nc4 40.Rc3 c5 41.dxc5 d4 42.Rcc1 dxe3 43.Nd1 e2
44.Nc3 Bc6+ 45.Kg3 Re3+ 46.Kh2 Nd2 47.Nf7+ Kg7 48.Ne5 Nf1+ 49.Rxf1 exf1=Q
50.Rxf1 Rxc3 51.Rg1+ Kh7 52.Nxc6 Re2+ 53.Rg2 Rxg2+ 54.Kxg2 Rxc5 55.Nd4 Rd5
56.Nf3 Rd3 57.Kf2 Ra3 58.Nd4 Rxa2+ 59.Ke3 a3 60.Kd3 Rh2  0-1

[Event "Magistral Barcelona"]
[Site "Barcelona ESP"]
[Date "2010.11.11"]
[Round "8"]
[White "Edouard,R"]
[Black "Jussupow,Ar"]
[Result "1/2-1/2"]
[WhiteElo "2636"]
[BlackElo "2589"]

1.c4 e6 2.Nc3 d5 3.d4 Nf6 4.Nf3 Be7 5.Bf4 O-O 6.e3 c5 7.dxc5 Bxc5 8.Qc2 Nc6
9.a3 Bd7 10.Rd1 Rc8 11.Be2 Be7 12.O-O dxc4 13.Bxc4 Qb6 14.Ba2 Rfd8 15.e4 Nh5
16.Be3 Qc7 17.Rd2 Nf6 18.h3 Be8 19.Rfd1 Rxd2 20.Rxd2 a6 21.Ng5 Rd8 22.Nd5 exd5
23.exd5 h6 24.Nf3 Bd6 25.dxc6 Bxc6 26.Qd1 Bxf3 27.gxf3 Bh2+ 28.Kg2 Rxd2 29.Qxd2 Be5
30.b4 Nh5 31.Qd5 Nf4+ 32.Bxf4 Bxf4 33.Qe4 Bd6 34.Bd5 b6 35.f4 Qe7 36.Qf5 a5
37.bxa5 bxa5 38.a4 Qf6 39.Qxf6 gxf6 40.Kf3 Kg7  1/2-1/2

[Event "Schachbundesliga 2010-11"]
[Site "Eppingen GER"]
[Date "2010.11.12"]
[Round "7"]
[White "Gyimesi,Z"]
[Black "Naiditsch,A"]
[Result "1/2-1/2"]
[WhiteElo "2595"]
[BlackElo "2674"]

1.d4 Nf6 2.c4 e6 3.Nf3 d5 4.Nc3 Be7 5.Bf4 O-O 6.a3 b6 7.cxd5 Nxd5 8.Nxd5 exd5
9.Qc2 c5 10.dxc5 bxc5 11.e4 Bb7 12.exd5 Qxd5 13.Bc4 Qh5 14.Qb3 Bxf3 15.Qxf3 Qxf3
16.gxf3 Nc6 17.O-O Bf6 18.Rab1 Rad8 19.Rfc1 Nd4 20.Kg2 Nf5 21.Rc2 g5 22.Bg3 Nxg3  1/2-1/2

[Event "1st Metropolitan IM"]
[Site "Los Angeles USA"]
[Date "2010.11.13"]
[Round "2"]
[White "Kretchetov,A"]
[Black "Amanov,Z"]
[Result "1/2-1/2"]
[WhiteElo "2358"]
[BlackElo "2394"]

1.d4 d5 2.c4 e6 3.Nc3 Be7 4.Nf3 Nf6 5.Bf4 O-O 6.e3 Nbd7 7.Bd3 dxc4 8.Bxc4 a6
9.a4 c5 10.O-O Nb6 11.Bb3 Nbd5 12.Nxd5 Nxd5 13.dxc5 Nxf4 14.exf4 Bxc5 15.Rc1 Qb6
16.Bc2 Be7 17.Qe2 g6 18.Be4 Bd7 19.Rc4 Rfc8 20.Rfc1 Rxc4 21.Rxc4 Rd8 22.Ne5 Be8
23.g3 Bb4 24.Nd3 Be7 25.Qc2 Qd6 26.Rc8 b5 27.Rxd8 Qxd8 28.axb5 Bxb5 29.Ne5 Bf6
30.Bd3 Bxe5 31.Bxb5 axb5 32.fxe5 Qd4 33.Qe2 b4 34.Kg2 b3 35.f4 Kg7 36.Kf3 h5
37.Qf2 Qd5+ 38.Ke3 Qc5+ 39.Kf3 Qd5+ 40.Ke3 g5 41.Qd2 gxf4+ 42.gxf4 Qc5+ 43.Kd3 h4
44.Qg2+ Kh7 45.Qg5  1/2-1/2

[Event "16th Asian Games Team Men"]
[Site "Guangzhou CHN"]
[Date "2010.11.20"]
[Round "3"]
[White "Zhou Jianchao"]
[Black "Nguyen Duc Hoa"]
[Result "0-1"]
[WhiteElo "2669"]
[BlackElo "2431"]

1.d4 d5 2.c4 e6 3.Nc3 Be7 4.Nf3 Nf6 5.Bf4 O-O 6.e3 b6 7.Rc1 c5 8.cxd5 exd5
9.Be2 Bb7 10.O-O Nbd7 11.Ne5 Rc8 12.Qa4 Nxe5 13.dxe5 Bc6 14.Qc2 Ne8 15.Bg4 Ra8
16.e6 Nf6 17.exf7+ Kxf7 18.Bf3 Qd7 19.Bg5 Ne4 20.Bxe7 Qxe7 21.Rfd1 Rad8 22.b4 Nf6
23.bxc5 bxc5 24.Ne2 c4 25.Rd4 Kg8 26.Rcd1 Rd7 27.Nc3 Rfd8 28.h3 Kh8 29.Qd2 Qc5
30.Bg4 Nxg4 31.hxg4 a5 32.Qc1 h6 33.Qc2 Qa3 34.Rb1 Rf8 35.Qb2 Qd6 36.Rbd1 Qc5
37.R1d2 Rfd8 38.Qc1 Qb4 39.Ne2 a4 40.Rb2 Qc5 41.Qc3 a3 42.Rb4 Ra8 43.Rd1 Rb7
44.Rxb7 Bxb7 45.Rb1 Bc8 46.f3 Ba6 47.Nd4 Re8 48.Nf5 Qa7 49.Qxa3 Kg8 50.Rb4 g6
51.Nd4 Qe7 52.Qxa6 Qxe3+ 53.Kh2 Qg5 54.Kg3 h5 55.Rb6 Qe5+ 56.Kh4 Qe1+ 57.Kg5 Qe5+
58.Nf5 gxf5 59.Rg6+ Kf7 60.Rf6+ Kg7 61.Rg6+ Kf7 62.f4 Qe7+ 63.Qf6+ Qxf6+
64.Rxf6+ Ke7 65.Kxf5 Rf8  0-1

[Event "TCh-NED"]
[Site "Netherlands NED"]
[Date "2010.11.20"]
[Round "3.3"]
[White "Miedema,R"]
[Black "Brandenburg,D"]
[Result "0-1"]
[WhiteElo "2392"]
[BlackElo "2519"]

1.d4 d5 2.c4 e6 3.Nf3 Nf6 4.Nc3 Be7 5.Bf4 O-O 6.e3 Nbd7 7.c5 c6 8.Bd3 b6
9.b4 a5 10.a3 Ba6 11.b5 cxb5 12.c6 Qc8 13.Rc1 Qxc6 14.Nxb5 Bxb5 15.Rxc6 Bxc6
16.Ne5 Nxe5 17.Bxe5 Rfc8 18.Bxf6 Bxf6 19.Qb1 Be7 20.Bxh7+ Kf8 21.f4 Bxa3
22.Kf2 Be8 23.Bd3 a4 24.f5 exf5 25.Bxf5 Rc6 26.g4 Be7 27.Qa2 b5 28.Qxd5 b4
29.Bb1 Rf6+ 30.Kg1 Rd8 31.Qh5 Rh6 32.Qa5 b3 33.g5 Re6 34.g6 fxg6 35.Kg2 a3
36.Rf1+ Rf6 37.Rd1 Bf7 38.d5 Re8 39.e4 a2 40.Bxa2 bxa2 41.Qxa2 Bd6 42.Qa4 g5
43.Rc1 Bg6 44.Rc4 g4 45.Kg1 Kg8 46.Kg2 Kh7 47.h3 g3 48.Kg1 Rb8 49.Qd1 Rb2
50.Rc2 Rf2 51.Rxb2 Rxb2 52.Qc1 Rb4 53.Qd1 Rxe4  0-1

[Event "TCh-AUT 2010-11"]
[Site "Graz AUT"]
[Date "2010.11.21"]
[Round "3"]
[White "Socko,B"]
[Black "Baramidze,D"]
[Result "1/2-1/2"]
[WhiteElo "2660"]
[BlackElo "2546"]

1.d4 d5 2.c4 e6 3.Nc3 Be7 4.Nf3 Nf6 5.Bf4 O-O 6.e3 c5 7.dxc5 Bxc5 8.cxd5 Nxd5
9.Nxd5 exd5 10.a3 Nc6 11.Bd3 Bb6 12.O-O d4 13.e4 Bg4 14.h3 Qf6 15.hxg4 Qxf4
16.Nh2 Rac8 17.g3 Qd6 18.f4 Na5 19.Rc1 Qe6 20.Qa4 Qb3 21.Qxb3 Nxb3 22.Rcd1 Rc2
23.Rf2 Rc1 24.Rxc1 Nxc1 25.Rd2 Rc8 26.Nf3 Nb3 27.Rf2 Rc1+ 28.Rf1 Rc2 29.Rf2 Rc1+
30.Rf1 Rc2 31.Rf2  1/2-1/2

[Event "TCh-BEL 2010-11"]
[Site "Hauset BEL"]
[Date "2010.11.21"]
[Round "4.2"]
[White "Hetey,L"]
[Black "Sielecki,C"]
[Result "1/2-1/2"]
[WhiteElo "2339"]
[BlackElo "2397"]

1.d4 d5 2.Nf3 Nf6 3.c4 e6 4.Nc3 Be7 5.Bf4 O-O 6.e3 Nbd7 7.Rc1 c5 8.cxd5 Nxd5
9.Nxd5 exd5 10.dxc5 Nxc5 11.a3 Bf5 12.Be2 Be4 13.O-O Ne6 14.Be5 Bf6 15.Bc3 Rc8
16.Qd2 Bxc3 17.Rxc3 Rxc3 18.Qxc3 Bxf3 19.Bxf3 d4 20.Qd3 Qb6 21.exd4 Nxd4
22.Be4 g6 23.b4 Rd8 24.Qc4 Qb5 25.Qxb5 Nxb5 26.a4 Nc3 27.Bxb7 Rb8 28.Bc6 Rxb4
29.g3 Rc4 30.Bb5 Rc5 31.Ra1 a5 32.Bf1 Rd5 33.Ra3 Rc5  1/2-1/2

[Event "16th Asian Games Team Men"]
[Site "Guangzhou CHN"]
[Date "2010.11.24"]
[Round "7"]
[White "Munkhgal,G"]
[Black "Mohamed,H MDV"]
[Result "1/2-1/2"]
[WhiteElo "2316"]
[BlackElo "1780"]

1.d4 Nf6 2.c4 e6 3.Nf3 d5 4.Nc3 Be7 5.Bf4 c6 6.e3 Nbd7 7.Qc2 Qa5 8.Nd2 Bb4
9.Bd3 O-O 10.O-O Re8 11.a3 Bf8 12.b4 Qd8 13.b5 e5 14.dxe5 Nxe5 15.bxc6 bxc6
16.cxd5 cxd5 17.Bb5 Bd7 18.Bxd7 Qxd7 19.Bxe5 Rxe5 20.Nf3 Rh5 21.Ne2 Bd6 22.Rfc1 Qg4
23.Ng3 Bxg3 24.hxg3 Rf8 25.Qc7 Rh6 26.Qf4 Qh5 27.Qh4 Qf5 28.Qg5 Qe4 29.Qf4 Nh5
30.Qxe4 dxe4 31.Ng5 f5 32.Rab1 Ra6 33.Rc7 h6 34.Nh3 Rxa3 35.Nf4 Nxf4 36.gxf4 Kh7
37.Rbb7 Rg8 38.g4 fxg4 39.Kg2 Ra5 40.Kg3 h5 41.Re7 Kh6 42.Re6+ Kh7 43.Rxe4 a6
44.Ra7 Rf8 45.Ree7 Rg8 46.Kh4 Kh6 47.Re6+ Kh7 48.Raxa6 Rxa6 49.Rxa6 g6 50.Kg5 Rg7
51.Rf6 Rg8 52.e4 Rg7 53.e5 Kg8 54.Ra6 Kf7 55.Kh6 Rg8 56.Rf6+ Ke7 57.Kh7 Rf8
58.Kxg6 h4 59.Kg7 g3 60.fxg3 hxg3 61.f5 g2 62.Re6+ Kd7 63.Rd6+ Kc7 64.Kxf8 g1=Q
65.Kf7 Qg5 66.Rf6 Qh5+ 67.Ke7 Qh8 68.e6 Qh4 69.Kf7 Qh7+ 70.Ke8 Qh5+ 71.Kf8 Qh8+
72.Ke7 Qh4 73.Kf7 Qh7+ 74.Ke8 Qh5+ 75.Ke7 Qh4 76.Kf7 Qh7+ 77.Ke8 Qh5+  1/2-1/2

[Event "6th Femida Cup 2010"]
[Site "Kharkiv UKR"]
[Date "2010.11.24"]
[Round "2"]
[White "Moiseenko,A1"]
[Black "Kravtsiv,M"]
[Result "1/2-1/2"]
[WhiteElo "2670"]
[BlackElo "2566"]

1.d4 Nf6 2.c4 e6 3.Nf3 d5 4.Nc3 Be7 5.Bf4 O-O 6.e3 Nbd7 7.c5 Nh5 8.Bd3 Nxf4
9.exf4 b6 10.b4 a5 11.a3 c6 12.O-O Qc7 13.Ne5 axb4 14.axb4 Rxa1 15.Qxa1 bxc5
16.bxc5 f6 17.Nxd7 Bxd7 18.Ne2 e5 19.fxe5  1/2-1/2

[Event "Cultural Village"]
[Site "Wijk aan Zee NED"]
[Date "2010.11.24"]
[Round "9"]
[White "Sulypa,A"]
[Black "Grover,S"]
[Result "1-0"]
[WhiteElo "2490"]
[BlackElo "2432"]

1.d4 d5 2.c4 e6 3.Nf3 Nf6 4.Nc3 Be7 5.Bf4 O-O 6.e3 Nbd7 7.c5 c6 8.h3 b6 9.b4 a5
10.a3 Ba6 11.Bxa6 Rxa6 12.O-O Qc8 13.Qc2 Qb7 14.Rfc1 axb4 15.axb4 Rxa1 16.Rxa1 Ra8
17.Rb1 Bd8 18.Ne1 Bc7 19.Nd3 Bxf4 20.exf4 bxc5 21.dxc5 Rc8 22.Ne2 Ne8 23.Nd4 Nc7
24.Ra1 Ra8 25.Qb2 h6 26.Ra2 Rxa2 27.Qxa2 Nb5 28.Nb3 Nc7 29.Qa5 f6 30.Nd4 Kh7
31.Qa4 Nb8 32.Qa5 Nd7 33.Qa4 Nb8 34.g3 Kg6 35.f5+ Kf7 36.fxe6+ Nxe6 37.Nf5 Qa6
38.Qd1 Kg8 39.Qe2 Kf7 40.Nd6+ Ke7 41.b5 Qa1+ 42.Kg2 Kd7 43.Nc8 g5 44.Nb6+ Ke7
45.bxc6 Nxc6 46.Nxd5+ Kd7 47.Nb6+ Ke7 48.Qe4 Qd4 49.Qxc6 Qxd3 50.Nd5+  1-0

[Event "XXIII Belgrade Trophy"]
[Site "Obrenovac SRB"]
[Date "2010.11.27"]
[Round "4.28"]
[White "Nenezic,M"]
[Black "Savicevic,V"]
[Result "1/2-1/2"]
[WhiteElo "2165"]
[BlackElo "2348"]

1.Nf3 d5 2.d4 Nf6 3.c4 e6 4.Nc3 Be7 5.Bf4 c5 6.e3 cxd4 7.exd4 Nc6 8.a3 dxc4
9.Bxc4 O-O 10.O-O a6 11.Rc1 b5 12.Ba2 Bb7 13.d5 exd5 14.Nxd5 Nxd5 15.Bxd5 Rc8
16.b4 a5 17.Qb3 axb4 18.axb4 Qd7 19.Rfd1 Qf5 20.Be3 Ba8 21.Bc5 Qf6 22.Bxe7 Qxe7
23.Rb1  1/2-1/2

[Event "Open LTU Rapid"]
[Site "Vilnius LTU"]
[Date "2010.11.27"]
[Round "6"]
[White "Beinoras,M"]
[Black "Azarov,S"]
[Result "1/2-1/2"]
[WhiteElo "2356"]
[BlackElo "2601"]

1.d4 Nf6 2.c4 e6 3.Nf3 d5 4.Nc3 Be7 5.Bf4 O-O 6.e3 Nbd7 7.Qc2 c5 8.cxd5 Nxd5
9.Nxd5 exd5 10.dxc5 Nxc5 11.Be5 Ne4 12.Bd3 Qa5+ 13.Nd2 Bb4 14.Bxe4 dxe4 15.Bc3 Bxc3
16.bxc3 Re8 17.O-O Qg5 18.Nxe4 Qg6 19.f3 Bf5 20.Qb3 Bxe4 21.fxe4 b6 22.Rad1 Re7
23.Rf3 Qxe4 24.Rdf1 Rf8 25.h3 h6 26.Kh1 Rc7 27.Rd1 Qe6 28.Qxe6 fxe6 29.Rxf8+ Kxf8
30.Rc1 Ke7 31.Kg1 Kd6 32.Kf2 Kc5 33.Rd1 Kc4 34.Ke2 b5 35.Rd3 Rf7 36.e4 Rf2+
37.Ke3 Rxg2 38.Rd7 Rxa2 39.Rc7+ Kb3 40.Kd4 a5 41.Rb7 b4 42.cxb4 axb4 43.Rxg7 Rh2
44.Rg6 Rxh3 45.Rxe6 Kc2 46.Rc6+ Kd2 47.Rb6 b3 48.e5 Rd3+ 49.Kc4 Kc2 50.Rxh6 b2
51.Rh1 Rd1 52.Rh2+ Rd2 53.Rh1 Rd1 54.Rh2+ Rd2 55.Rh1  1/2-1/2

[Event "TCh-CZE 2010-11"]
[Site "Czech Rep CZE"]
[Date "2010.12.04"]
[Round "3.1"]
[White "Kempinski,R"]
[Black "Babula,V"]
[Result "0-1"]
[WhiteElo "2597"]
[BlackElo "2536"]

1.d4 Nf6 2.c4 e6 3.Nf3 d5 4.Nc3 Be7 5.Bf4 O-O 6.e3 b6 7.Rc1 c5 8.cxd5 Nxd5
9.Nxd5 exd5 10.Be2 c4 11.O-O Nc6 12.Ne5 Nxe5 13.dxe5 Be6 14.e4 b5 15.exd5 Qxd5
16.Qxd5 Bxd5 17.Rfd1 Rfd8 18.Be3 Be6 19.Bf3 Rxd1+ 20.Rxd1 Rc8 21.Bxa7 b4
22.Be4 c3 23.bxc3 bxc3 24.Bd4 c2 25.Rc1 Rc4 26.Bxc2 Rxd4 27.Bb3 Re4  0-1

[Event "TCh-HUN 2010-11"]
[Site "Budapest HUN"]
[Date "2010.12.05"]
[Round "4"]
[White "Rapport,R"]
[Black "Horvath,Cs1"]
[Result "1-0"]
[WhiteElo "2523"]
[BlackElo "2529"]

1.d4 d5 2.c4 e6 3.Nf3 Nf6 4.Nc3 Be7 5.Bf4 O-O 6.e3 b6 7.cxd5 Nxd5 8.Nxd5 exd5
9.Bd3 c5 10.O-O c4 11.Bc2 Nc6 12.Ne5 Nxe5 13.Bxe5 f6 14.Bf4 Be6 15.Qh5 f5
16.Be5 b5 17.f4 g6 18.Qf3 Qd7 19.h3 a5 20.Kh1 a4 21.Rg1 b4 22.g4 Rad8 23.Rad1 b3
24.axb3 axb3 25.Bb1 Rc8 26.Rd2 c3 27.bxc3 Rxc3 28.Rdg2 Ba3 29.Kh2 Rc1 30.gxf5 Bxf5
31.Bxf5 Rxf5 32.e4 Rxe5 33.fxe5 b2 34.Qxa3 b1=Q 35.Rxc1 Qxe4 36.Rf2 Qd8 37.Rcf1 Kg7
38.Rf7+ Kh6 39.Qc1+ g5 40.R1f6+ Kh5 41.Qd1+  1-0